| 000 | 00375nam a2200133Ia 4500 | ||
|---|---|---|---|
| 008 | 220217s9999||||xx |||||||||||||| ||und|| | ||
| 020 | _a81-7808-783-9 | ||
| 082 | _a00 5.13 PAL | ||
| 100 |
_aPalinski, John Adolph _93532 |
||
| 245 | 0 | _aOracle SQL and PL/SQL handbook | |
| 260 |
_aPearson education asia _bDelhi _c2003 |
||
| 300 | _b325 | ||
| 650 | _aPROGRAMMING LANGUAGE | ||
| 999 |
_c172207 _d172207 |
||